| 000 | 00926nam a22001937a 4500 | ||
|---|---|---|---|
| 001 | K121146 | ||
| 008 | 160218b1981 xxu||||| |||| 00| 0 eng d | ||
| 041 | _aeng | ||
| 110 | _aRoyal Institution of Chartered Surveyors | ||
| 245 | _aService of Thanksgiving to mark the centenary of the granting of a Royal Charter to the Royal Institution of Chartered Surveyors Wednesday 26 August 1981 6pm | ||
| 260 |
_aLondon _c1981 |
||
| 300 | _a2 pamplets in an envelope | ||
| 520 | _aThe order of service for a Service of Thanksgiving to mark the centenary of the granting of a Royal Charter to the Royal Institution of Chartered Surveyors Wednesday 26 August 1981 6pm. Also a choir sheet as used by the conductor Clifford Dann leader of the RICS Singers which includes the sheet music used. | ||
| 650 | _aRICS HISTORY | ||
| 650 | _aROYAL CHARTER | ||
| 651 | _aUnited Kingdom 1973 | ||
| 690 |
_96277 _aRICS |
||
| 942 | _n0 | ||
| 999 |
_c121146 _d121146 |
||